[Event "Gorodets-ch"]
[Site "Gorodets"]
[Date "2011.12.12"]
[Round "7"]
[White "Dmitrievsky, Alexander"]
[Black "Ulankov, Andrey"]
[Result "0-1"]
[WhiteElo "1896"]
[BlackElo "2114"]
[PlyCount "116"]
[EventDate "2011.12.06"]
[EventType "tourn"]
[EventRounds "13"]
[EventCountry "RUS"]
[SourceTitle "EXT 2023"]
[Source "ChessBase"]
[SourceDate "2022.10.05"]
[SourceVersion "1"]
[SourceVersionDate "2022.10.05"]
[SourceQuality "1"]

1. e4 d5 2. Nc3 dxe4 3. Nxe4 e5 4. Nf3 Nf6 5. Nxf6+ Qxf6 6. d3 h6 7. Be3 Nc6 8. c3 Bf5 9. Qb3 0-0-0 10. 0-0-0 g5 11. Qa4 g4 12. Ne1 a6 13. g3 e4 14. dxe4 Rxd1+ 15. Kxd1 Bd7 16. Bd4 Nxd4 17. Qxd4 Qxd4+ 18. cxd4 Bg7 19. e5 c5 20. Bc4 cxd4 21. Nd3 Bf5 22. Kd2 Rf8 23. Re1 h5 24. Nf4 Bh6 25. Rc1 Kd7 26. Bd3 Be6 27. b3 f6 28. exf6 Rxf6 29. Rc5 Bxf4+ 30. gxf4 Rxf4 31. Ke2 h4 32. Rh5 h3 33. Re5 Kd6 34. Re4 Rxe4+ 35. Bxe4 Bd5 36. Bf5 Bf3+ 37. Kd3 Ke5 38. Bd7 b6 39. b4 Be4+ 40. Kc4 Bd5+ 41. Kd3 Be4+ 42. Kc4 Bf5 43. Bxf5 Kxf5 44. Kxd4 Kf4 45. a4 Kf3 46. b5 axb5 47. axb5 Kxf2 48. Kd5 g3 49. hxg3 h2 50. Kc6 h1Q+ 51. Kxb6 Kxg3 52. Ka7 Qa1+ 53. Kb7 Qg7+ 54. Ka6 Qf8 55. Ka7 Qe7+ 56. Ka6 Qe8 57. Kb6 Qb8+ 58. Ka6 Kf4 0-1

[Event "Gorodets-ch"]
[Site "Gorodets"]
[Date "2011.04.14"]
[Round "6"]
[White "Ulankov, Andrey"]
[Black "Kalugin, Alexander"]
[Result "1/2-1/2"]
[WhiteElo "2086"]
[BlackElo "2120"]
[PlyCount "83"]
[EventDate "2011.04.09"]
[EventType "swiss"]
[EventRounds "9"]
[EventCountry "RUS"]
[SourceTitle "CBM 142 Extra"]
[Source "ChessBase"]
[SourceDate "2011.06.27"]
[SourceVersion "1"]
[SourceVersionDate "2011.06.27"]
[SourceQuality "1"]

1. c4 Nf6 2. g3 g6 3. Bg2 Bg7 4. Nc3 0-0 5. d4 d6 6. Nf3 Nc6 7. 0-0 h6 8. d5 Na5 9. Qd3 c5 10. b3 a6 11. Rb1 b5 12. cxb5 axb5 13. Qxb5 Bf5 14. Rb2 Qc7 15. Qa4 c4 16. Nd4 Nxb3 17. Qc6 Qxc6 18. Nxc6 Nxc1 19. Nxe7+ Kh7 20. Rxc1 Ne4 21. Nxf5 Bxc3 22. Rb7 Nc5 23. Nxd6 Nxb7 24. Nxb7 Bf6 25. Rxc4 Rxa2 26. Bf3 Rd2 27. Nd6 Be5 28. Rc6 Bxd6 29. Rxd6 Rb8 30. Kg2 Kg7 31. Ra6 Rb7 32. Ra8 f5 33. h4 Rd7 34. Ra6 g5 35. hxg5 hxg5 36. g4 fxg4 37. Be4 Rxe2 38. Bf5 Rf7 39. Rg6+ Kf8 40. Bxg4 Rfxf2+ 41. Kg3 Rg2+ 42. Kh3 1/2-1/2

[Event "Gorodets-ch"]
[Site "Gorodets"]
[Date "2011.04.09"]
[Round "1"]
[White "Levkovich, Vladimir K"]
[Black "Ulankov, Andrey"]
[Result "0-1"]
[WhiteElo "1729"]
[BlackElo "2086"]
[PlyCount "90"]
[EventDate "2011.04.09"]
[EventType "swiss"]
[EventRounds "9"]
[EventCountry "RUS"]
[SourceTitle "CBM 142 Extra"]
[Source "ChessBase"]
[SourceDate "2011.06.27"]
[SourceVersion "1"]
[SourceVersionDate "2011.06.27"]
[SourceQuality "1"]

1. f4 Nf6 2. Nf3 g6 3. e3 Bg7 4. c4 c5 5. Qb3 0-0 6. Nc3 Nc6 7. Be2 d6 8. 0-0 e5 9. fxe5 dxe5 10. e4 Nd4 11. Qd1 Nxf3+ 12. Bxf3 Qd4+ 13. Kh1 Qxc4 14. b3 Qd3 15. Bb2 Rd8 16. Rf2 b6 17. Rc1 Bb7 18. Qe1 Bh6 19. Rd1 Bg7 20. Bc1 h6 21. Be2 Qd7 22. Bc4 a6 23. a4 Bc6 24. Qf1 b5 25. axb5 axb5 26. Bxb5 Bxb5 27. Nxb5 Nxe4 28. Rf3 Ng5 29. Rg3 Rab8 30. Na3 Ne6 31. Nc4 Nd4 32. Bb2 Kh7 33. Qg1 f6 34. Na5 Rb5 35. Bc3 Nxb3 36. Nxb3 Rxb3 37. Qxc5 Rc8 38. Qg1 Rcb8 39. h4 h5 40. Qe3 Qa4 41. Rh3 Rxc3 42. Qxc3 Qxd1+ 43. Kh2 Rb1 44. Qe3 f5 45. Qf2 f4 0-1

[Event "Gorodets-ch"]
[Site "Gorodets"]
[Date "2010.12.09"]
[Round "10"]
[White "Kudryashov, Oleg"]
[Black "Ulankov, Andrey"]
[Result "0-1"]
[WhiteElo "1932"]
[BlackElo "2033"]
[PlyCount "54"]
[EventDate "2010.11.30"]
[EventType "tourn"]
[EventRounds "12"]
[EventCountry "RUS"]
[SourceTitle "EXT 2022"]
[Source "ChessBase"]
[SourceDate "2021.10.06"]
[SourceVersion "1"]
[SourceVersionDate "2021.10.06"]
[SourceQuality "1"]

1. e4 Nf6 2. Nc3 d5 3. exd5 Nxd5 4. Nxd5 Qxd5 5. d4 Nc6 6. c3 Bf5 7. Nf3 0-0-0 8. Bd3 Bg4 9. Be2 e5 10. Be3 exd4 11. cxd4 Bxf3 12. Bxf3 Bb4+ 13. Kf1 Qb5+ 14. Be2 Qd5 15. a3 Ba5 16. Bf3 Qc4+ 17. Be2 Qe6 18. Qa4 Bb6 19. Rd1 Rhe8 20. Bf3 Nxd4 21. Bxd4 Rxd4 22. Qc2 g5 23. h3 Kb8 24. g3 Rxd1+ 25. Qxd1 Qf6 26. Qb3 h5 27. g4 Re3 0-1

[Event "Gorodets-ch"]
[Site "Gorodets"]
[Date "2009.12.15"]
[Round "3"]
[White "Nenaezdnikov, Vladimir"]
[Black "Ulankov, Andrey"]
[Result "1-0"]
[WhiteElo "2137"]
[BlackElo "2024"]
[PlyCount "101"]
[EventDate "2009.12.13"]
[EventType "tourn"]
[EventRounds "12"]
[EventCountry "RUS"]
[SourceTitle "EXT 2022"]
[Source "ChessBase"]
[SourceDate "2021.10.06"]
[SourceVersion "1"]
[SourceVersionDate "2021.10.06"]
[SourceQuality "1"]

1. e4 Nf6 2. e5 Nd5 3. c4 Nb6 4. d4 d6 5. f4 dxe5 6. fxe5 Nc6 7. Be3 Bf5 8. Nc3 e6 9. Nf3 Bg4 10. Qd2 Bb4 11. a3 Bxc3 12. Qxc3 Qd7 13. 0-0-0 0-0-0 14. Be2 h6 15. h3 Bf5 16. d5 Ne7 17. Bxb6 axb6 18. Nd4 Be4 19. dxe6 fxe6 20. Bg4 Qa4 21. Nxe6 Rxd1+ 22. Rxd1 Kb8 23. Nd4 Bxg2 24. Nb5 Nd5 25. Qd3 c6 26. Nd6 h5 27. Bd7 Rd8 28. e6 Nf4 29. Qd2 Nxe6 30. Bxe6 Bf3 31. Rf1 Bd5 32. cxd5 Rxd6 33. Qf4 Qxf4+ 34. Rxf4 cxd5 35. Bf7 g5 36. Rd4 g4 37. hxg4 hxg4 38. Rxg4 Kc7 39. Kd2 Kc6 40. Kd3 Kc5 41. b4+ Kb5 42. Be8+ Ka6 43. a4 Ka7 44. Kd4 Re6 45. Bf7 Re7 46. Bxd5 Re8 47. Rg7 Rb8 48. Kc4 Ka6 49. Bxb7+ Rxb7 50. Rxb7 Kxb7 51. Kb5 1-0